|
|
|
|
| LEADER |
00690nam a2200205 4500 |
| 020 |
|
|
|
| 082 |
|
|
|a 577.55 EHR-P
|
| 100 |
|
|
|a Ehrlich, Paul R; Ehrlich, Anne H
|
| 245 |
|
|
|a Population resources environment: Issues in human ecology
|
| 250 |
|
|
|
| 260 |
|
|
|a W H Freeman & Co., San Francisco
|c 1970
|
| 300 |
|
|
|
| 490 |
|
|
|
| 500 |
|
|
|
| 590 |
|
|
|a SUB
|
| 650 |
|
|
|a Environment by humans
|
| 942 |
|
|
|c BK
|
| 999 |
|
|
|c 88134
|d 88134
|
| 952 |
|
|
|0 0
|1 0
|4 0
|6 577_550000000000000_EHRP
|7 0
|9 101602
|a ZGY
|b ZGY
|l 0
|o 577.55 EHR-P
|p ZGY00670
|r 2019-09-25
|w 2019-09-25
|y BK
|
| 952 |
|
|
|0 0
|1 0
|2 ddc
|4 0
|6 577_550000000000000_EHR_P
|7 0
|8 NFIC
|9 324987
|a DEM
|b DEM
|d 2020-10-16
|l 0
|o 577.55 EHR/P
|p DEM70
|r 2020-10-16
|w 2020-10-16
|y BK
|